| 000 | 00483nam a22001697a 4500 | ||
|---|---|---|---|
| 005 | 20260311115018.0 | ||
| 008 | 260311b |||||||| |||| 00| 0 eng d | ||
| 020 | _a9783956793776 | ||
| 041 | _aEng. | ||
| 082 |
_a720.28 _bROW. |
||
| 100 |
_aRowe P.G. _9217007 |
||
| 245 | _aThe Design Thinking in the Digital Age Incidents | ||
| 260 |
_aUSA _bHarvard University Graduate School of Design _c2017 |
||
| 300 |
_a102p _bPB _c21 x 13.5 cm |
||
| 365 |
_aINR _b1.00 _cRupaye |
||
| 942 | _cDB | ||
| 999 |
_c370697 _d370697 |
||